Southville International School and Colleges
Your cart is empty.
  • Cart
  • Lists
    Public lists Eva Luna New books Lux_list list_1
    Your lists Log in to create your own lists
  • Log in to your account
  • Your cookies
  • Search history
Southville International School and Colleges
  • Advanced search
  • Recent comments
  • Most popular
  • Libraries

Log in to your account

Log in with GOOGLE


If you do not have an external account, but do have a local account, you can still log in:

  1. Home
  2. MARC view: Leadership in organizations /
Normal view MARC view ISBD view

Leadership in organizations / (Record no. 115706)

[ view plain ]
MARC details
000 -LEADER
fixed length control field 00600nam a2200217Ia 4500
008 - FIXED-LENGTH DATA ELEMENTS--GENERAL INFORMATION
fixed length control field 140429s9999 xx 000 0 und d
020 ## - INTERNATIONAL STANDARD BOOK NUMBER
International Standard Book Number 9780131494848
050 ## - LIBRARY OF CONGRESS CALL NUMBER
Classification number HD 57.7
Item number .Y85 2006
100 ## - MAIN ENTRY--PERSONAL NAME
Personal name Yukl, Gary
245 ## - TITLE STATEMENT
Title Leadership in organizations /
Statement of responsibility, etc Gary Yukl.
250 ## - EDITION STATEMENT
Edition statement 6th ed.
260 ## - PUBLICATION, DISTRIBUTION, ETC. (IMPRINT)
Place of publication, distribution, etc New Jersey :
Name of publisher, distributor, etc Pearson Prentice Hall,
Date of publication, distribution, etc c2006.
300 ## - PHYSICAL DESCRIPTION
Extent 542 p. :
Dimensions 24 cm.
500 ## - GENERAL NOTE
General note Includes bibliographical references and index.
521 ## - TARGET AUDIENCE NOTE
Target audience note
650 ## - SUBJECT ADDED ENTRY--TOPICAL TERM
Topical term or geographic name as entry element Decision making.
650 ## - SUBJECT ADDED ENTRY--TOPICAL TERM
Topical term or geographic name as entry element Leadership.
650 ## - SUBJECT ADDED ENTRY--TOPICAL TERM
Topical term or geographic name as entry element Organization.
942 ## - ADDED ENTRY ELEMENTS (KOHA)
Call number prefix Foreign
Koha item type Books
Holdings
Withdrawn status Lost status Source of classification or shelving scheme Damaged status Home library Current library Shelving location Date acquired Source of acquisition Cost, normal purchase price Total Checkouts Full call number Barcode Date last seen Price effective from Koha item type
    Library of Congress Classification   College Library College Library General Circulation Section 04/29/2014 Library Fund 9340.00   HD 57.7 .Y85 2006 C16858 05/15/2018 04/29/2014 Books

Leadership in organizations /

APA

Yukl G., . (2006). Leadership in organizations. New Jersey: Pearson Prentice Hall.

Chicago

Yukl Gary, . 2006. Leadership in organizations. New Jersey: Pearson Prentice Hall.

Harvard

Yukl G., . (2006). Leadership in organizations. New Jersey: Pearson Prentice Hall.

MLA

Yukl Gary, . Leadership in organizations. New Jersey: Pearson Prentice Hall. 2006.

  • Place hold
  • Print
  • Cite
  • Add to your cart (remove)
  • Save record
    BIBTEX Dublin Core MARCXML MARC (non-Unicode/MARC-8) MARC (Unicode/UTF-8) MARC (Unicode/UTF-8, Standard) MODS (XML) RIS
  • More searches
    Search for this title in:
    Other Libraries (WorldCat) Other Databases (Google Scholar) Online Stores (Bookfinder.com) Open Library (openlibrary.org)

Exporting to Dublin Core...

SOUTHVILLE LIBRARY

Southville International School and Colleges Library

1281 Tropical Ave. Cor. Luxembourg St., BF Homes International, Las Pinas City

Tel. No. 8256374 / 252358 Loc. 117/146

Powered by Koha